Las leyes y su reforma según Erasmo y Vives / (Record no. 42050)

MARC details
000 -LEADER
campo de control de longitud fija 00640nam a2200181 i 4500
001 - NÚMERO DE CONTROL
campo de control 42050
003 - IDENTIFICADOR DE NÚMERO DE CONTROL
campo de control ES-MaACL
005 - FECHA Y HORA DE LA ÚLTIMA TRANSACCIÓN
campo de control 20230906160535.0
007 - CAMPO FIJO DE DESCRIPCIÓN FÍSICA--INFORMACIÓN GENERAL
campo de control de longitud fija t|
008 - DATOS DE LONGITUD FIJA--INFORMACIÓN GENERAL
campo de control de longitud fija 030312s1977 sp ||||1| spa d
100 1# - ENTRADA PRINCIPAL--NOMBRE DE PERSONA
Nombre de persona Castán Vázquez, José María.
9 (RLIN) 36393
245 14 - MENCIÓN DEL TÍTULO
Título Las leyes y su reforma según Erasmo y Vives /
Mención de responsabilidad, etc. José María Castán Vázquez.
260 ## - PUBLICACIÓN, DISTRIBUCIÓN, ETC.
Lugar de publicación, distribución, etc. Valencia :
Nombre del editor, distribuidor, etc. Universidad de Valencia, Facultad de Derecho,
Fecha de publicación, distribución, etc. 1977.
300 ## - DESCRIPCIÓN FÍSICA
Extensión 7 p. ;
Dimensiones 24 cm.
500 ## - NOTA GENERAL
Nota general Es tirada aparte de Filosofía y Derecho, p. 81-93.
710 2# - ENTRADA AGREGADA--NOMBRE DE ENTIDAD CORPORATIVA
Nombre de entidad corporativa o nombre de jurisdicción como elemento de entrada Universidad de Valencia.
Unidad subordinada Facultad de Derecho.
9 (RLIN) 7325
852 ## - LOCALIZACIÓN
Ubicación ES-MaACL
Número de control de estantería 2107-F-6
Sublocalización o colección R.96266
Holdings
Estatus retirado Estado de pérdida Estado de daño No para préstamo Colección Biblioteca de origen Biblioteca actual Ubicación en estantería Fecha de adquisición Fuente de adquisición Total de préstamos Signatura topográfica completa Código de barras Visto por última vez Precio de reemplazo Tipo de ítem Koha
        Colección de folletos Biblioteca del Ateneo de Madrid Biblioteca del Ateneo de Madrid Depósito folletos 17/01/2008     2107-F-6 1044261 23/02/2023 23/02/2023 Folleto